[Event "Soviet Union"]
[Site "?"]
[Date "1979.??.??"]
[Round "?"]
[White "Romanishin, Oleg M"]
[Black "Ubilava, Elizbar"]
[WhiteElo "2560"]
[BlackElo "2430"]
[Result "0-1"]

1. Nf3 Nf6 2. c4 e6 3. g3 d5 4. Bg2 dxc4 5. Qa4+ Nbd7 6. Qxc4 c5 7. Qb3 Be7 8. O-O O-O 9. d3 Nd5 10. Nc3 N7f6 11. d4 Qb6 12. Qxb6 axb6 13. Rd1 Bd7 14. Ne5 Nxc3 15. bxc3 Ba4 16. Rd3 Ra7 17. Bb2 Rc8 18. Nc4 Nd7 19. dxc5 bxc5 20. f4 Kf8 21. e4 Rd8 22. Rd2 b5 23. Ne3 c4 24. Ng4 Rc8 25. Nf2 b4 26. Rc1 b3 27. axb3 Bxb3 28. e5 Nc5 29. Be4 Na4 30. Ba1 Bc5 31. Re1 Rcc7 32. Kf1 Nb6 33. Bb2 Rd7 34. Ree2 Rxd2 35. Rxd2 Ra2 36. Bb1 Ra8 37. Ne4 Be7 38. Nd6 Na4 39. Ba1 Bxd6 40. Rxd6 Nc5 41. Bb2 Nd3 42. Bxd3 cxd3 43. c4 Ra2 44. Bc3 Bxc4 45. Rd4 Rc2 46. Bb4+ Ke8 47. Kg1 f6 48. g4 fxe5 49. fxe5 Kf7 50. Rf4+ Kg6 51. Rd4 Bd5 52. h4 h6 53. Ba5 Re2 54. h5+ Kh7 55. Bc3 Be4 56. Kf1 Bg2+ 57. Kg1 Bf3 58. Rf4 Rc2 59. Be1 Be2 60. Rd4 Rc5 61. Re4 Bf3 

0-1

[Event "Soviet Union"]
[Site "?"]
[Date "1980.??.??"]
[Round "?"]
[White "Tukmakov, Vladimir B"]
[Black "Ubilava, Elizbar"]
[WhiteElo "2560"]
[BlackElo "2430"]
[Result "0-1"]

1. d4 d5 2. c4 e6 3. Nc3 Nf6 4. Bg5 c5 5. cxd5 cxd4 6. Qxd4 Be7 7. e4 Nc6 8. Bb5 O-O 9. Bxc6 bxc6 10. Bxf6 Bxf6 11. e5 c5 12. Qxc5 Bxe5 13. Nge2 Ba6 14. dxe6 Bxc3+ 15. bxc3 Re8 16. Nd4 Rc8 17. Qe5 Rxc3 18. Rd1 Qb6 19. f3 Rxe6 

0-1

[Event "URS-ch Otbor"]
[Site "?"]
[Date "1979.??.??"]
[Round "?"]
[White "Kholmov, Ratmir D"]
[Black "Ubilava, Elizbar"]
[WhiteElo "2550"]
[BlackElo "2430"]
[Result "0-1"]

1. e4 c5 2. Nf3 d6 3. d4 cxd4 4. Nxd4 Nf6 5. Nc3 a6 6. g3 e5 7. Nde2 b5 8. Bg5 Nbd7 9. Nd5 Be7 10. Bxf6 Nxf6 11. Nec3 O-O 12. a4 bxa4 13. Rxa4 a5 14. Bc4 Bd7 15. Ra3 Bh3 16. Nxf6+ Bxf6 17. g4 Qc8 18. Be2 Bh4 19. Qd3 Bxg4 20. Nd5 Rb8 21. Rc3 Qe6 22. b3 f5 23. Bxg4 fxg4 24. O-O Kh8 25. Qc4 Rbc8 26. Qe2 Rxc3 27. Nxc3 Rf3 28. Nd5 Qg6 29. Qc4 h5 30. Ne3 Bf6 31. Nf5 h4 32. Qe6 Kh7 33. Qxd6 Qg5 34. Qd5 Rh3 35. Qf7 Rc3 36. Qd7 Rxc2 37. Ne3 Rc3 38. Qxg4 Rxb3 39. Qxg5 Bxg5 40. Nc4 a4 41. Nxe5 a3 42. Ra1 Be7 43. f4 g5 44. Ra2 Rb1+ 

0-1

[Event "Ibercaja op-A"]
[Site "?"]
[Date "1996.??.??"]
[Round "?"]
[White "Antunes, Antonio"]
[Black "Ubilava, Elizbar"]
[WhiteElo "2545"]
[BlackElo "2535"]
[Result "0-1"]

1. Nf3 g6 2. g3 Bg7 3. d4 d6 4. Bg2 Nc6 5. O-O Bg4 6. d5 Ne5 7. Nxe5 Bxe5 8. Nd2 Qd7 9. c4 h5 10. Nf3 h4 11. Nxh4 Bh3 12. f4 Bf6 13. Nf3 Bxg2 14. Kxg2 Qh3+ 15. Kg1 Nh6 16. e3 O-O-O 17. Qe2 e6 18. Bd2 Rde8 19. Rac1 Nf5 20. Bc3 Bxc3 21. Rxc3 e5 22. fxe5 dxe5 23. Qg2 Qg4 24. Nd2 e4 25. Rf4 Qd1+ 26. Nf1 Re5 27. Qc2 Nxe3 28. Qd2 Qxd2 29. Nxd2 Nd1 30. Rc1 Nxb2 31. Rxf7 e3 32. Nf3 Re4 33. c5 Nd3 34. Rc3 Ne5 35. Nxe5 Rxe5 36. Rf1 Rxd5 37. c6 e2 38. Re1 Rd1 39. Rc1 Rxc1 40. Rxc1 Rd8 41. cxb7+ Kxb7 42. Re1 Rd2 43. a3 Ra2 44. Kf2 Rxa3 45. Rxe2 Rb3 46. h4 a5 47. Re4 Rb4 48. Re5 a4 49. Ke2 a3 50. Ra5 Rb2+ 51. Ke3 Rb3+ 52. Kf4 Kb6 53. Ra8 Kb5 54. Rb8+ Kc4 55. Ra8 Kc3 56. Rc8 a2 57. Rxc7+ Kb2 58. Rg7 Ra3 59. Rb7+ Kc2 60. Rc7+ Kd2 

0-1

[Event "Yerevan"]
[Site "?"]
[Date "1981.??.??"]
[Round "?"]
[White "Kuzmin, Gennadi P"]
[Black "Ubilava, Elizbar"]
[WhiteElo "2545"]
[BlackElo "2455"]
[Result "0-1"]

1. e4 c5 2. Nf3 d6 3. d4 cxd4 4. Nxd4 Nf6 5. Nc3 a6 6. f4 e5 7. Nf3 Nbd7 8. Bd3 b5 9. O-O Be7 10. Qe2 O-O 11. Kh1 Bb7 12. a3 Re8 13. fxe5 dxe5 14. Nh4 g6 15. Qf3 Bf8 16. Bg5 Re6 17. Rad1 Qe8 18. g4 Rc8 19. Ne2 h6 20. Bc1 Nc5 21. Ng3 Nxd3 22. cxd3 Nh7 23. Ng2 Ng5 24. Bxg5 hxg5 25. Rc1 Rd6 26. Ne2 Qd7 27. Rxc8 Bxc8 28. Nc1 Bb7 29. h3 Qe6 30. Ne3 Rd7 31. Rd1 Bc5 32. Kh2 Kg7 33. Rd2 Ba7 34. Rg2 Qb6 35. Nd1 Rd6 36. b4 Rf6 37. Qe2 Qe6 38. Qd2 Rf1 39. Ne2 Qf6 40. Ng3 Rf3 41. Ne2 Bb6 42. Ng1 Rf1 

0-1

[Event "19th Open"]
[Site "?"]
[Date "2008.01.05"]
[Round "?"]
[White "Cifuentes Parada, Roberto"]
[Black "Ubilava, Elizbar"]
[WhiteElo "2520"]
[BlackElo "2544"]
[Result "0-1"]

1. d4 e6 2. c4 Nf6 3. Nf3 c5 4. Nc3 cxd4 5. Nxd4 Bb4 6. Bd2 Nc6 7. a3 Be7 8. Bg5 O-O 9. e3 h6 10. Bh4 d5 11. cxd5 Nxd5 12. Nxc6 bxc6 13. Bxe7 Qxe7 14. Qc2 Nxc3 15. Qxc3 c5 16. Bc4 Bb7 17. O-O-O Rfd8 18. Qe5 Qh4 19. f4 Bxg2 20. Rhg1 Qf2 21. f5 exf5 22. Kb1 Rxd1+ 23. Rxd1 Be4+ 24. Ka1 Qxe3 25. Qe7 Kh7 26. Bxf7 f4 27. h4 Bc2 28. Qb7 Rf8 29. Rf1 Bd3 30. Rd1 f3 31. h5 f2 32. Qb3 Rxf7 33. Qxf7 Qe2 

0-1

[Event "San Sebastian op"]
[Site "?"]
[Date "1992.??.??"]
[Round "?"]
[White "Magem Badals, Jordi"]
[Black "Ubilava, Elizbar"]
[WhiteElo "2515"]
[BlackElo "2560"]
[Result "0-1"]

1. e4 c5 2. Nf3 d6 3. d4 cxd4 4. Nxd4 Nf6 5. Nc3 Nc6 6. Bg5 Bd7 7. Be2 Qa5 8. Bxf6 gxf6 9. O-O Nxd4 10. Qxd4 Rc8 11. a4 Qc5 12. Qd2 a6 13. Nd5 Qxc2 14. Qe3 Bh6 15. Qxh6 Qxe2 16. Qg7 Rf8 17. Rac1 Rxc1 18. Rxc1 Bc6 19. Nc7+ Kd7 20. Qxf8 Qxe4 21. Qg8 Kxc7 22. b3 Qg6 23. Qxg6 fxg6 24. g4 g5 25. Rc3 e5 26. a5 Kd7 27. Rh3 Be4 28. Re3 Bg6 29. f3 h5 30. h3 h4 31. Rc3 Bf7 32. b4 Bd5 33. Kf2 Bc6 34. Rc1 Ke6 35. Ke3 f5 36. Rd1 d5 37. Kf2 d4 

0-1

[Event "Tbilisi"]
[Site "?"]
[Date "1988.??.??"]
[Round "?"]
[White "Gufeld, Eduard"]
[Black "Ubilava, Elizbar"]
[WhiteElo "2510"]
[BlackElo "2500"]
[Result "0-1"]

1. g3 d5 2. Bg2 e5 3. c4 d4 4. d3 Nf6 5. Nf3 Nc6 6. O-O a5 7. e3 Be7 8. exd4 exd4 9. Na3 Nd7 10. Re1 O-O 11. Nb5 Nc5 12. Bf4 Na6 13. a3 Bf6 14. Qd2 h6 15. h4 a4 16. Kh2 Bd7 17. h5 Bg4 18. Ne5 Nxe5 19. Bxe5 c6 20. Qf4 Bxh5 21. Bxf6 Qxf6 22. Qxf6 gxf6 23. Nxd4 Nc5 24. Nf5 Rfd8 25. Re7 Rxd3 26. Nxh6+ Kf8 27. Rae1 Rd2 28. f4 Kg7 29. Nf5+ Kh7 30. Nh4 Rg8 31. Kh3 Bg4+ 32. Kh2 Kg7 33. Kg1 Rxb2 34. Bf3 Bxf3 35. Nxf3 Kh6 36. Nd4 Rxg3+ 37. Kf1 Rh3 38. Kg1 Nd3 

0-1

[Event "3rd Anibal op"]
[Site "?"]
[Date "1996.??.??"]
[Round "?"]
[White "Mohr, Georg"]
[Black "Ubilava, Elizbar"]
[WhiteElo "2495"]
[BlackElo "2535"]
[Result "0-1"]

1. e4 c5 2. Nf3 d6 3. d4 cxd4 4. Nxd4 Nf6 5. Nc3 Nc6 6. g3 Bg4 7. f3 Bd7 8. Be3 g6 9. Qd2 Bg7 10. O-O-O O-O 11. Bc4 Rc8 12. Bb3 Ne5 13. h4 h5 14. Bg5 Rc5 15. g4 hxg4 16. f4 Nc4 17. Qe2 Qc8 18. f5 Nxb2 19. Bxf6 Bxf6 20. Qxg4 Kg7 21. Rhg1 Rh8 22. Bxf7 Kxf7 23. Qxg6+ Kf8 24. Kxb2 Rxc3 25. e5 Bxf5 

0-1

[Event "Alma-Ata"]
[Site "?"]
[Date "1989.??.??"]
[Round "?"]
[White "Conquest, Stuart C"]
[Black "Ubilava, Elizbar"]
[WhiteElo "2490"]
[BlackElo "2515"]
[Result "0-1"]

1. e4 c5 2. Nf3 d6 3. d4 cxd4 4. Nxd4 Nf6 5. Nc3 a6 6. Be3 e5 7. Nb3 Be6 8. Qd2 Nbd7 9. f4 Qc7 10. O-O-O b5 11. Kb1 Be7 12. Nd5 Bxd5 13. exd5 O-O 14. Be2 Rfe8 15. Rhf1 Rac8 16. c3 Bf8 17. g4 Nb6 18. fxe5 Nbxd5 19. Bf2 Rxe5 20. Bd4 Re4 21. Qd3 Ree8 22. Rf5 Qc4 23. Rh5 

0-1

[Event "Soviet Union"]
[Site "?"]
[Date "1978.??.??"]
[Round "?"]
[White "Kupreichik, Viktor D"]
[Black "Ubilava, Elizbar"]
[WhiteElo "2490"]
[BlackElo "2410"]
[Result "0-1"]

1. e4 c5 2. Nf3 d6 3. d4 cxd4 4. Qxd4 Nc6 5. Bb5 Bd7 6. Bxc6 Bxc6 7. Nc3 Nf6 8. Bg5 e6 9. O-O-O Be7 10. Rhe1 O-O 11. Qd2 h6 12. Bh4 Nxe4 13. Nxe4 Bxh4 14. Qxd6 Bxe4 15. Qxd8 Raxd8 16. Rxd8 Rxd8 17. Nxh4 Bc6 18. Re3 g5 19. Nf3 Kg7 20. g3 f6 21. c3 e5 22. Nd2 h5 23. b3 Kg6 24. Kd1 e4 25. Ke2 f5 26. f4 h4 27. Nf1 Kh5 28. fxg5 Kxg5 29. Kf2 Rd1 30. Re1 Rd3 31. Re3 f4 32. gxf4+ Kxf4 33. Ke2 Rd6 34. Rh3 Kg5 35. c4 Bd7 36. Rc3 Bg4+ 37. Kf2 Kf4 38. c5 Rd1 39. b4 Bd7 40. a3 Bb5 41. Ne3 Rd2+ 42. Kg1 h3 43. a4 Bd3 

0-1

[Event "URS-chT Moscow"]
[Site "?"]
[Date "1972.??.??"]
[Round "?"]
[White "Grigorian, Levon Ashotovich"]
[Black "Ubilava, Elizbar"]
[WhiteElo "2490"]
[BlackElo "2370"]
[Result "0-1"]

1. c4 Nf6 2. Nc3 c5 3. Nf3 e6 4. d4 cxd4 5. Nxd4 a6 6. e3 Nc6 7. Be2 Be7 8. O-O O-O 9. b3 Qc7 10. Bb2 b6 11. Nxc6 dxc6 12. Qc2 Bb7 13. f4 Rad8 14. Kh1 c5 15. Bf3 Rd7 16. Rad1 Rxd1 17. Rxd1 Bxf3 18. gxf3 Rd8 19. Kg2 Rxd1 20. Qxd1 Qd7 21. Qc2 Ne8 22. Na4 Bd8 23. Kf1 f5 24. Be5 Kf7 25. Ke2 Nf6 26. a3 Qc6 27. Nb2 Nd7 28. Nd3 Bf6 29. Qc3 a5 30. Qb2 Qc8 31. Bc3 Qc7 32. Qd2 Qc6 33. Nb2 Ke7 34. Na4 Qd6 35. b4 cxb4 36. axb4 Bxc3 37. Qxc3 Qxb4 38. Qxg7+ Kd8 39. Nc3 Qxc4+ 40. Kd2 Kc7 41. Qxh7 b5 42. Qh8 b4 43. Nd1 a4 44. h4 a3 45. h5 a2 46. h6 Qd5+ 

0-1

[Event "Pamplona op"]
[Site "?"]
[Date "1991.??.??"]
[Round "?"]
[White "Urday, Henry"]
[Black "Ubilava, Elizbar"]
[WhiteElo "2480"]
[BlackElo "2535"]
[Result "0-1"]

1. d4 Nf6 2. Nf3 g6 3. Bf4 Bg7 4. e3 d6 5. c4 c6 6. Nc3 a6 7. h3 b5 8. Rc1 O-O 9. Bh2 Nbd7 10. Nd2 Bb7 11. Be2 c5 12. d5 Nb6 13. e4 bxc4 14. O-O a5 15. Nxc4 Nxc4 16. Bxc4 Nd7 17. Qe2 Qc8 18. f4 Ba6 19. b3 Bd4+ 20. Kh1 Nb6 21. Bg1 Nxc4 22. bxc4 Rb8 23. e5 Rb4 24. Ne4 dxe5 25. fxe5 Bxe5 26. Bxc5 Rb2 27. Qe3 Qc7 28. Qa3 Re8 29. d6 Qb7 30. Qa4 Qa8 31. dxe7 Bb7 32. Rxf7 Kxf7 33. Rf1+ Kg7 34. Bd6 Bxd6 35. Nxd6 Rxe7 36. Qa3 Bxg2+ 37. Kg1 Qa7+ 38. c5 Bxf1 39. Qxb2+ Kg8 40. Kxf1 Qxc5 41. Qb8+ Kg7 42. Ne8+ Kf7 43. Nd6+ Ke6 

0-1

[Event "Zaragoza op"]
[Site "?"]
[Date "1996.??.??"]
[Round "?"]
[White "Komljenovic, Davorin"]
[Black "Ubilava, Elizbar"]
[WhiteElo "2475"]
[BlackElo "2535"]
[Result "0-1"]

1. d4 Nf6 2. c4 e6 3. Nf3 Bb4+ 4. Nbd2 b6 5. a3 Bxd2+ 6. Bxd2 Bb7 7. Bg5 h6 8. Bh4 d6 9. e3 Nbd7 10. Be2 g5 11. Bg3 h5 12. h4 g4 13. Ng5 Bxg2 14. Rg1 Bb7 15. Qa4 Kf8 16. Qc2 Qe7 17. e4 e5 18. d5 Nh7 19. Nxh7+ Rxh7 20. f3 Nf6 21. fxg4 Nxg4 22. Bxg4 hxg4 23. O-O-O Bc8 24. Rdf1 Bd7 25. Rf2 Kg7 26. Rgf1 Rf8 27. Rf6 Qxf6 28. Rxf6 Kxf6 29. c5 dxc5 30. Qd2 Ke7 

0-1

[Event "3rd Anibal op"]
[Site "?"]
[Date "1996.??.??"]
[Round "?"]
[White "Ragozin, Evgeni"]
[Black "Ubilava, Elizbar"]
[WhiteElo "2475"]
[BlackElo "2535"]
[Result "0-1"]

1. c4 Nf6 2. Nc3 g6 3. e4 d6 4. d4 Bg7 5. Be2 O-O 6. Nf3 e5 7. O-O Nc6 8. d5 Ne7 9. Ne1 Nd7 10. Nd3 f5 11. Bd2 f4 12. Bg4 h5 13. Be6+ Kh7 14. f3 Nf6 15. Bxc8 Rxc8 16. Qb3 b6 17. Qd1 g5 18. a4 Bh6 19. a5 g4 20. Nb5 a6 21. Nc3 Rg8 22. Kh1 Rg7 23. axb6 c6 24. b3 a5 25. Nb5 Qd7 26. Qe2 h4 27. fxg4 Nxg4 28. Rf3 Rcg8 29. Raf1 Nf6 30. h3 Rxg2 31. Qxg2 Rxg2 32. Kxg2 Nxe4 33. Be1 Nf5 34. Rh1 Ng5 35. Nf2 Ng3 36. Rh2 Nxf3 37. Kxf3 e4+ 38. Nxe4 Nxe4 39. Kxe4 Qe7+ 

0-1

[Event "Tbilisi"]
[Site "?"]
[Date "1979.??.??"]
[Round "?"]
[White "Lerner, Konstantin Z"]
[Black "Ubilava, Elizbar"]
[WhiteElo "2475"]
[BlackElo "2430"]
[Result "0-1"]

1. d4 Nf6 2. Nf3 b6 3. c4 e6 4. g3 Bb7 5. Bg2 Be7 6. O-O O-O 7. Nc3 Ne4 8. Qc2 Nxc3 9. Qxc3 Be4 10. Ne1 Bxg2 11. Nxg2 c5 12. d5 exd5 13. cxd5 Bf6 14. Qc2 Na6 15. Bf4 d6 16. h4 Re8 17. Ne3 Nc7 18. Rad1 Nb5 19. Nf5 Nd4 20. Nxd4 Bxd4 21. Rfe1 h6 22. e3 Bf6 23. e4 b5 24. b3 Rc8 25. Bd2 c4 26. bxc4 Rxc4 27. Qd3 Qd7 28. Rc1 Rec8 29. Kg2 a5 30. Qa3 a4 31. Qd3 Rd4 32. Qe2 b4 33. Rxc8+ Qxc8 34. Rc1 Qe8 35. Kf3 g5 36. hxg5 Rxd2 37. Qxd2 Bxg5 38. Qd1 Bxc1 39. Qxc1 b3 40. axb3 axb3 41. Ke3 f5 42. Kd2 fxe4 43. Qc6 Qf8 44. Kc1 Qxf2 45. Qe8+ Qf8 46. Qe6+ Kg7 47. Qg4+ Kh8 48. Qe6 Qg7 49. Qc8+ Qg8 50. Qc3+ Kh7 51. Qxb3 Qg7 52. Qc4 Qe5 53. Kd2 Kg6 54. Qc6 Qd4+ 55. Ke1 Qe3+ 56. Kd1 Qd3+ 57. Kc1 Qxg3 58. Qe8+ Kg5 59. Qe7+ Kg4 

0-1

[Event "URS-chT"]
[Site "?"]
[Date "1972.??.??"]
[Round "?"]
[White "Anikaev, Yuri N"]
[Black "Ubilava, Elizbar"]
[WhiteElo "2475"]
[BlackElo "2370"]
[Result "0-1"]

1. Nf3 c5 2. b3 d6 3. e3 e5 4. d4 cxd4 5. exd4 e4 6. Nfd2 d5 7. c4 Nf6 8. cxd5 Qxd5 9. Bb2 Bb4 10. a3 Bxd2+ 11. Nxd2 O-O 12. Nc4 Be6 13. b4 Nc6 14. Qd2 Rfd8 15. Rd1 Qh5 16. Qf4 Nd5 17. Qg3 f5 18. f4 Qh6 19. Bc1 Rac8 20. b5 Nce7 21. Be2 Nb4 22. d5 Nbxd5 23. O-O Rd7 24. Rd4 Rdc7 25. Rfd1 Qg6 26. Qf2 h6 27. Bd2 Qf6 28. Nd6 Rd8 29. Nc4 Kh7 30. Bb4 Rdc8 31. Bd6 Nc3 32. Be5 Nxd1 33. Rxd1 Qg6 34. Bxc7 Rxc7 35. Ne5 Qf6 36. b6 axb6 37. Qxb6 Rc2 38. Bc4 Nc6 39. Nxc6 Bxc4 40. Qxb7 Be2 41. Re1 Rxc6 

0-1

[Event "Ibercaja op"]
[Site "?"]
[Date "1994.??.??"]
[Round "?"]
[White "Garcia Palermo, Carlos"]
[Black "Ubilava, Elizbar"]
[WhiteElo "2460"]
[BlackElo "2535"]
[Result "0-1"]

1. d4 Nf6 2. c4 g6 3. Nc3 Bg7 4. e4 d6 5. f4 c5 6. dxc5 Qa5 7. Bd3 Qxc5 8. Nf3 Nc6 9. Qe2 Bg4 10. Be3 Qa5 11. O-O Nd7 12. Rac1 O-O 13. Qf2 Bxf3 14. gxf3 Nc5 15. Bb1 Na4 16. Nxa4 Qxa4 17. b3 Qa5 18. c5 dxc5 19. Rxc5 Qa6 20. e5 f6 21. e6 f5 22. Rd1 Rad8 23. Rd7 Rxd7 24. exd7 Rd8 25. Qd2 Nd4 26. Qd3 Qxd3 27. Bxd3 Rxd7 28. Bc4+ e6 29. Kf2 Kf7 30. a4 a6 31. Rc8 Bf6 32. Bxd4 Bxd4+ 33. Ke2 h6 34. h3 g5 35. fxg5 hxg5 36. Kf1 Be5 37. Ke2 Rd4 38. Ra8 Ke7 39. Ra7 Rd7 40. Ra8 Bf4 41. Rh8 Rd2+ 42. Ke1 b5 43. axb5 axb5 44. Bxb5 Rh2 45. Kd1 Kd6 46. Rh5 Kc5 47. Bc4 e5 48. Be6 e4 49. fxe4 fxe4 50. Bg4 Kd4 51. Rh8 Ke3 52. Re8 Rd2+ 53. Ke1 Rb2 54. Kf1 Rxb3 55. Bf5 Rb4 56. h4 g4 57. Bxg4 Rb1+ 58. Kg2 Rb2+ 59. Kg1 Bh2+ 60. Kf1 Rf2+ 61. Ke1 Rg2 

0-1

[Event "Sevilla op"]
[Site "?"]
[Date "1994.??.??"]
[Round "?"]
[White "Nedobora, Mikhail"]
[Black "Ubilava, Elizbar"]
[WhiteElo "2460"]
[BlackElo "2535"]
[Result "0-1"]

1. d4 Nf6 2. c4 g6 3. Nc3 Bg7 4. e4 d6 5. Be2 O-O 6. Nf3 c6 7. O-O e5 8. d5 a5 9. Bg5 h6 10. Bh4 Na6 11. Nd2 Bd7 12. a3 Qc7 13. Rb1 Rfc8 14. Kh1 Be8 15. Re1 Qb6 16. Bg3 h5 17. Rf1 Bh6 18. f4 Nd7 19. c5 Naxc5 20. Nc4 Qc7 21. dxc6 bxc6 22. Nxd6 exf4 23. Nxc8 Rxc8 24. Bf2 Ne6 25. Bc4 Ng5 26. Bd4 Ne5 27. Bxe5 Qxe5 28. Qd2 f3 29. gxf3 Nxf3 30. Qg2 Ng5 31. h4 Ne6 32. Rf5 Qg7 33. Bxe6 fxe6 34. Rxa5 Rd8 35. Qg3 Qf6 36. Rxh5 Bf4 37. Qg4 Rd2 38. Rf1 Rh2+ 39. Kg1 Qd4+ 

0-1

[Event "URS-FL49"]
[Site "?"]
[Date "1981.??.??"]
[Round "?"]
[White "Chernin, Alexander"]
[Black "Ubilava, Elizbar"]
[WhiteElo "2455"]
[BlackElo "2455"]
[Result "0-1"]

1. c4 e6 2. Nf3 d5 3. d4 Nf6 4. Nc3 Be7 5. Bg5 Nbd7 6. cxd5 Nxd5 7. Bxe7 Qxe7 8. Qd2 O-O 9. g3 b6 10. Bg2 Bb7 11. O-O c5 12. Nh4 N7f6 13. Nxd5 Bxd5 14. Bxd5 exd5 15. dxc5 bxc5 16. Rac1 a5 17. Qg5 Qe6 18. Rc2 Rfc8 19. Rd1 a4 20. Ng2 a3 21. b3 c4 22. bxc4 dxc4 23. Qc1 h6 24. Nf4 Qe4 25. f3 Qc6 26. e4 Ra5 27. Kg2 g5 28. Nd5 Nxd5 29. exd5 Rxd5 30. Rxd5 Qxd5 31. Qxa3 c3 32. Qe7 Qd1 33. Qe4 Rd8 34. Rf2 Qd3 35. Kh3 Qd7+ 36. g4 Re8 37. Qc4 Re3 38. a4 h5 39. a5 c2 40. Kg2 hxg4 41. Rxc2 gxf3+ 42. Kf2 Re8 43. a6 Qd1 

0-1

[Event "Eforie Nord"]
[Site "?"]
[Date "1988.??.??"]
[Round "?"]
[White "Kosic, Dragan"]
[Black "Ubilava, Elizbar"]
[WhiteElo "2450"]
[BlackElo "2495"]
[Result "0-1"]

1. d4 d5 2. c4 e6 3. Nc3 Be7 4. cxd5 exd5 5. Nf3 c6 6. Qc2 g6 7. Bf4 Bf5 8. Qc1 Nd7 9. e3 Ngf6 10. Be2 O-O 11. O-O Nh5 12. Bh6 Ng7 13. Qd1 Bd6 14. Bd3 Re8 15. Bxg7 Bxd3 16. Qxd3 Kxg7 17. Rab1 a5 18. a3 Qe7 19. Ne2 a4 20. Nc3 b5 21. Rbe1 f5 22. Nd2 Nb6 23. f3 Qc7 24. h3 Nc4 25. Nxc4 dxc4 26. Qc2 Rad8 27. Kh1 Qb6 28. f4 c5 29. dxc5 Bxc5 30. e4 Rd3 31. exf5 Qc6 32. Kh2 gxf5 33. Re5 Rxe5 34. fxe5 Qe6 35. Qe2 Re3 36. Qh5 Qxe5+ 37. Kh1 Re1 38. Qg5+ Kf7 39. Qh5+ Kf8 40. Qh6+ Ke8 41. Qc6+ Kf7 42. Qd7+ Kg6 43. Qc6+ Kg5 44. Qf3 Bd6 

0-1

[Event "Candas op"]
[Site "?"]
[Date "1992.??.??"]
[Round "?"]
[White "Hoffman, Alejandro"]
[Black "Ubilava, Elizbar"]
[WhiteElo "2445"]
[BlackElo "2560"]
[Result "0-1"]

1. d4 Nf6 2. Nf3 g6 3. c3 Bg7 4. Bf4 O-O 5. e3 d6 6. h3 Nbd7 7. Be2 c5 8. O-O b6 9. a4 a6 10. Bh2 Bb7 11. Nbd2 Qc7 12. Re1 Ne4 13. Rc1 Ndf6 14. c4 Rab8 15. Nb1 Nd7 16. Bd3 e5 17. dxe5 Nxe5 18. Nxe5 dxe5 19. f3 Ng5 20. Nc3 Rbd8 21. Qe2 Qc8 22. Be4 Nxe4 23. fxe4 f5 24. Nd5 Qe6 25. Qc2 fxe4 26. Rcd1 Bxd5 27. cxd5 Rxd5 28. Qxe4 Rdd8 29. Qc2 c4 30. Qe4 b5 31. axb5 axb5 32. Bg3 b4 33. Rxd8 Rxd8 34. Rc1 Rc8 35. Qb7 c3 36. Qxb4 c2 37. Be1 Qd5 38. Bd2 e4 39. Kh2 Be5+ 40. g3 Bxb2 

0-1

[Event "URS-ch sf"]
[Site "?"]
[Date "1983.??.??"]
[Round "?"]
[White "Zaitsev, Igor A"]
[Black "Ubilava, Elizbar"]
[WhiteElo "2445"]
[BlackElo "2445"]
[Result "0-1"]

1. e4 c5 2. Nf3 d6 3. d4 cxd4 4. Nxd4 Nf6 5. Nc3 a6 6. Bg5 e6 7. f4 Qb6 8. Nb3 Nbd7 9. Qf3 Qc7 10. Bd3 b5 11. O-O Bb7 12. Rae1 Be7 13. f5 e5 14. a3 O-O 15. Be3 Rfe8 16. g4 d5 17. g5 d4 18. gxf6 Bxf6 19. Nxb5 axb5 20. Bd2 Bc6 21. Re2 Nb6 22. Qh5 Nc4 23. Bc1 Ne3 24. Rxe3 dxe3 25. Bxe3 Ra4 26. Nc5 Rd4 27. Bxd4 exd4 28. Qg4 Qe7 29. b4 Ra8 30. Re1 Be5 31. Ra1 Qd6 32. h4 Bf4 33. Kg2 Kh8 34. Kh3 Rg8 35. Rf1 Be5 36. Rg1 Ra8 37. Ra1 g6 38. Rf1 Rg8 39. Rf3 Qe7 40. Qg5 f6 

0-1

[Event "5th Benidorm Master op"]
[Site "?"]
[Date "2008.12.06"]
[Round "?"]
[White "Fargere, Francois"]
[Black "Ubilava, Elizbar"]
[WhiteElo "2444"]
[BlackElo "2551"]
[Result "0-1"]

1. e4 c5 2. Nf3 d6 3. c3 Nf6 4. Be2 Bd7 5. d3 g6 6. O-O Bg7 7. Nbd2 Bc6 8. Re1 O-O 9. Bf1 a5 10. d4 cxd4 11. cxd4 a4 12. Bd3 Na6 13. a3 e5 14. d5 Bd7 15. Nc4 b5 16. Ncd2 Nc5 17. Bc2 Nh5 18. Nf1 Nf4 19. Be3 Rc8 20. Qd2 g5 21. Bxc5 Rxc5 22. Rec1 g4 23. Ne1 Bh6 24. Ne3 Kh8 25. Bd1 Rxc1 26. Rxc1 f5 27. exf5 Bxf5 28. Bc2 Bd7 29. Be4 Qb6 30. Rc2 Bg5 31. Qd1 h5 32. Nf1 b4 33. Ne3 bxa3 34. bxa3 Bb5 35. Rb2 Qc5 36. Nf5 Bd7 37. Ne3 Bh4 38. g3 Nh3+ 39. Kg2 Ng5 

0-1

[Event "Maspalomas op"]
[Site "?"]
[Date "2000.09.28"]
[Round "?"]
[White "Paramos Dominguez, Roberto"]
[Black "Ubilava, Elizbar"]
[WhiteElo "2439"]
[BlackElo "2532"]
[Result "0-1"]

1. e4 c5 2. Nf3 Nc6 3. d4 cxd4 4. Nxd4 Qc7 5. Nc3 e6 6. Be2 Nf6 7. O-O a6 8. Be3 Bb4 9. Na4 Be7 10. c4 Nxe4 11. c5 O-O 12. Rc1 Rb8 13. g3 f5 14. Bf4 e5 15. Nxf5 exf4 16. Qd5+ Kh8 17. Nxe7 Nf6 18. Qd6 Qxd6 19. cxd6 Nd4 20. Bd3 b5 21. Nc5 Bb7 22. Nxb7 Rxb7 23. Rfd1 Rb6 24. Nf5 Ne6 25. Bf1 Ne8 26. Bh3 Ng5 27. Bg4 Nf6 28. gxf4 Nf7 29. Bh3 g6 30. Ne3 Nxd6 31. Nd5 Nxd5 32. Rxd5 Rxf4 33. Bxd7 Kg7 34. Bc6 Nc4 35. b3 Rxc6 36. bxc4 Rfxc4 37. Rxc4 bxc4 38. Rd2 c3 39. Rc2 Kf6 40. Kf1 Ke5 41. Ke2 Kd4 42. Kd1 Kd3 

0-1

[Event "5th Andorra op"]
[Site "?"]
[Date "1997.??.??"]
[Round "?"]
[White "Estremera Panos, Sergio"]
[Black "Ubilava, Elizbar"]
[WhiteElo "2430"]
[BlackElo "2530"]
[Result "0-1"]

1. d4 d5 2. c4 e6 3. Nc3 Be7 4. Nf3 Nf6 5. Bg5 Nbd7 6. e3 O-O 7. Rc1 dxc4 8. Bxc4 a6 9. a4 c5 10. O-O cxd4 11. exd4 Nb6 12. Bb3 Bd7 13. Ne5 Bc6 14. Qd3 Nfd7 15. Nxc6 bxc6 16. Bxe7 Qxe7 17. Ne4 Nd5 18. Qg3 Nb4 19. a5 Nf6 20. Nxf6+ Qxf6 21. Rc4 Rab8 22. Ba4 Qd8 23. Bxc6 Qxa5 24. Qa3 Qb6 25. Bf3 Rfd8 26. Rd1 g6 27. g3 Kg7 28. h4 Nd5 29. Ra1 Rd6 30. Bxd5 Rxd5 31. Qxa6 Qxa6 32. Rxa6 Rxb2 33. Rac6 Rd2 34. R6c5 R2xd4 35. Rxd4 Rxd4 36. Kg2 h6 37. Rc7 g5 38. hxg5 hxg5 39. Rc2 f5 40. Ra2 Kf6 41. Re2 Ke7 42. Ra2 e5 43. Rb2 Ke6 44. Ra2 e4 45. Rb2 Ke5 46. Rc2 f4 47. gxf4+ gxf4 48. Ra2 Rd1 49. Ra5+ Rd5 50. Ra8 Kd4 51. Rf8 Rg5+ 52. Kf1 f3 53. Ke1 Rg1+ 54. Kd2 Rf1 55. Rd8+ Ke5 56. Re8+ Kf4 57. Rf8+ Kg4 58. Rg8+ Kh3 59. Ke3 Re1+ 60. Kf4 Kh2 61. Rg7 Rg1 62. Rf7 Kg2 63. Kxe4 Ra1 64. Rf8 Ra3 

0-1

[Event "24th Open Internazionale di La Roda"]
[Site "?"]
[Date "2004.04.08"]
[Round "?"]
[White "Minzer, Claudio Javier"]
[Black "Ubilava, Elizbar"]
[WhiteElo "2430"]
[BlackElo "2530"]
[Result "0-1"]

1. Nf3 Nf6 2. c4 g6 3. Nc3 Bg7 4. e4 d6 5. d4 O-O 6. Be2 e5 7. Be3 Nbd7 8. O-O c6 9. d5 c5 10. Ne1 Ne8 11. Nd3 b6 12. Qd2 a5 13. Rac1 Nc7 14. b3 Rb8 15. Nb5 Nxb5 16. cxb5 f5 17. exf5 gxf5 18. f4 Nf6 19. Nf2 Kh8 20. a3 Bd7 21. Rfe1 Qe8 22. a4 Qg6 23. Bc4 Rbe8 24. Rc3 Nh5 25. Nh3 exf4 26. Nxf4 Nxf4 27. Bxf4 Rxe1+ 28. Qxe1 Re8 29. Qd2 Bxc3 30. Qxc3+ Kg8 31. Qg3 Qxg3 32. hxg3 Re5 33. Kf2 Kf7 34. Bg5 Ke8 35. Kf3 Bc8 36. Bf4 Ke7 37. Bxe5 dxe5 38. g4 fxg4+ 39. Ke4 Kd6 40. g3 h6 41. Be2 Bb7 42. Bc4 h5 

0-1